000 00618nam a2200229 a 4500
999 _c8249
_d8249
001 8249
003 BD-JhCC
005 20180220110529.0
008 180220s1999 b a|||| || | 000 0 eng d
035 _a(BD-JhCC)8249
040 _aBD-JhCC
_dBD-JhCC
041 _aeng
082 _a425
_bROB 1999
100 _aRob, F. M Abdur
245 _aSelf Teaching English Language :
_bGrammar, Translation & Composition /
_cF. M Abdur Rob,
250 _a14th ed.
260 _aDhaka :
_bHasan Book Depot,
_c1999.
300 _a728 p. :
_bill. ;
_c23 cm.
650 _aEnglish Language
942 _2ddc
_cBK